00253nam a22000857a 4500008004100000082001800041245005900059260003900118300001000157230606b xxu||||| |||| 00| 0 eng d a338.9005bEAP aEconomics & PoliticscThe Authors. Journal Compilation aUSAbBlackwell Publishing Ltdc207 a287 p